000 03088nam a2200493 a 4500
001 Z_76
003 CHAP
005 20250514131737.0
007 ta
008 220601s1982 mx a fr 001 0 spa d
020 _a968-24-1159-9
040 _aZ
_cCHAP
_erda
041 0 _bEspañol
_fEspañol
082 _a631.55
_bC67 1982
_220
245 0 0 _aCosechadoras de forrajes /
_cBasado en el trabajo de Johan D. Berlijn; colaboradores Pieter M. Rijk, I. De la Rosa Peñaloza, N. Paulpin Torres y E. López González; revisión C. Glass Pastor
250 _aPrimera edición
_b(reimpresión 2007)
264 1 _aMéxico :
_bTrillas,
_c1982
300 _a88 páginas :
_bilustraciones
336 _2rdacontent
_atexto
_btxt
337 _2rdamedia
_asin medio
_bn
338 _2rdacarrier
_avolumen
_bnc
490 1 _aManuales para educación agropecuaria: Área mecánica agrícola; 47 (Trillas)
500 _aEsta serie se llevó a cabo bajo la supervisión del Ir. Johan D. Berlijn, oficial técnico de la FAO y fue realizada por 15 técnicos mexicanos, así como por 20 técnicos internacionales.
500 _aLa Biblioteca cuenta con la reimpresión del 2007
500 _aej.1- ej.2: C/E \ ej.3 - ej.4: Donación Biblioteca Central \ ej.5 - ej.7: C/E \ ej.8 - ej.9: S/N (sin sellos) Inventario Interno: 0030 - 0031
504 _aIncluye bibliografía
505 0 _aPrólogo -- Advertencia -- 1. Introducción -- 2. Máquinas segadoras -- 3. Máquinas picadoras-sopladoras -- 4. Máquinas de henificación -- 5. Máquinas empacadoras -- 6. Manipuleo del forraje -- 7. Métodos de cosecha de forrajes
520 _aEste manual describe la maquinaria utilizada en la cosecha y e manejo de forrajes: segadoras, picadoras-sopladoras, máquinas de henificación y empacadoras, así como el equipo para el manipuleo de forraje y los métodos de cosecha de los mismos, los cuales permiten a los productores agropecuarios obtener un producto de alta calidad alimenticia para el ganado. por medio de las operaciones mecanizadas es posible, por una parte, obtener mayores ganancias en la producción de leche y carne, y por otra, lograr una adecuada conservación de alimentos para ser utilizados en invierno o en otros periodos de menor producción forrajera, así como mantener los pastos en mejor estado.
650 0 _aMaquinaria y equipamiento agrícola
_9146124
650 1 3 _aCosechadoras de forrajes
_9137262
650 1 3 _aCosechadoras
_928442
650 1 3 _aCosechadoras de forrajes
_9137262
700 1 _aBerlijn, Johan D.
_911826
_edirector
700 1 _aRijt, Pieter M.
_9187504
_ecolaborador
700 1 _aDe la Rosa Peñaloza, I.
_9190282
_ecolaborador
700 1 _aTorres, Paulín N.
_ecolaborador
_9187525
700 1 _aLopez González, E.
_9187522
_ecolaborador
700 1 _aPastor, C. Glass
_985979
_erevisión
830 _9137261
_aManuales para educación agropecuaria: Área mecánica agrícola; 47 (Trillas)
901 _a631.55 C67 1988
902 _aM
905 _a0000001982 reimp. 1987 mx a 0000000000spa00
942 _cLIBRO
_2ddc
999 _c216829
_d216829